000
00392nam a22000977a 4500
100
_a
सिंह,डॉ. राधिका
_9
79939
245
_a
महादेवी का गद्य साहित्य वस्तु और शिल्प
260
_a
दिल्ली
_b
राजेश प्रकाशन
_c
2018
650
_a
रचनावली
_9
163
942
_c
HIN
999
_c
63479
_d
63479